Kraje według 2 najbardziej zaludnionych miast - Statystyki

Ogólne statystyki
  • Ten quiz został rozwiązany 82 razy
  • Średni wynik to 11 z 15
Statystyki odpowiedzi
Hint Odpowiedź % Poprawnych
Pekin Chiny
99%
Kraków Polska
98%
Petersburg Rosja
95%
Charków Ukraina
95%
Birmingham Wielka Brytania
93%
Delhi Indie
91%
Jokohama Japonia
89%
Cork Irlandia
83%
Göteborg Szwecja
83%
Aleksandria Egipt
80%
Kapsztad RPA
69%
Tijuana Meksyk
58%
Meszhed Iran
51%
Nisz Serbia
28%
Oran Algieria
26%
Nie znaleziono quizów pasujących do podanych kryteriów
Rozkład punktacji
Procent ludzi z każdym wynikiem
Percentyl według liczby udzielonych odpowiedzi
Twoja historia wyników
Nie rozwiązałeś tego quizu